Personnages de fiction qui flottent sur un nuage (picture quiz) - Statistiques

Statistiques générales
  • Ce quiz a été pris 13 fois
  • Le résultat moyen est 6 sur 12
Statistiques - réponses
Par images Réponse % Correct
Son Goku
100%
Mario
92%
Son Gohan
77%
Boréas
69%
Lakitu
69%
Démétéros
62%
Fulguris
62%
Amovénus
46%
Sun Wukong
23%
Weather Forecast
8%
Cyclos
0%
Zephos
0%
Aucun quiz correspondant
Distribution des résultats
% des personnes avec chaque résultat
Percentile par nombre de réponses
Votre historique - résultats
Vous n’avez pas pris ce quiz